| 000 | 01143nam a2200289 a 4500 | ||
|---|---|---|---|
| 001 | BRCA_5470 | ||
| 005 | 20190320205107.0 | ||
| 008 | 130111s2008----mx-ad#####---#000-0#spa-# | ||
| 020 | _a9706545573 (UAM-I) | ||
| 020 | _a9688569143 (Plaza y Valdés) | ||
| 020 | _a9786074020694 | ||
| 041 | _aspa | ||
| 044 | _amx | ||
| 050 | 4 |
_aF1391.Ch6 _b.C37 2008 |
|
| 100 | 1 |
_aCastillo Palma, Norma Angélica _913976 |
|
| 245 | 1 | 0 |
_aCholula, sociedad mestiza en ciudad india _bun análisis de las consecuencias demográficas, económicas y sociales del mestizaje en una ciudad novohispana (1649-1796) _cNorma Angélica Castillo Palma. |
| 250 | _a2 | ||
| 260 |
_aMéxico _bPlaza y Valdés : UAM _c2008 |
||
| 300 |
_a526 p. _bil., cuadros, gráficas, mapas _c20 cm. |
||
| 500 | _aIncluye glosario e índice de mapas, cuadros y gráficas | ||
| 500 | _a2do. ejemplar en el Área de Investigación | ||
| 504 | _aBibliografía: p. 511-522 | ||
| 650 | 1 | 4 |
_aMestizaje _zMéxico _93236 |
| 651 | 4 |
_aCholula de Rivadabia (México) _xVida social y costumbres _913977 |
|
| 651 | 4 |
_aCholula de Rivadabia (México) _xCondiciones sociales _913978 |
|
| 942 |
_2lcc _cB |
||
| 999 |
_c5164 _d5164 |
||